Estadísticas para Historia de Noticias del 2018 - Nombra el País

Haz click aquí para intentar la prueba.

Estadísticas generales

  • Esta prueba ha sido intentada 1.723 veces
  • La puntuación promedio es 9 de 17

Estadísticas de respuestas

NoticiaPaís% Correcto
Límites de términos son removidos, permitiendo que Xi Jinping se
mantenga en el poder por tiempo indefinido
China
96%
Político populista derechista Jair Bolsonaro es elegido presidenteBrasil
77%
... y este país ganaFrancia
77%
Este país es la sede de la Copa Mundial de la FIFARusia
73%
La tasa de inflación se estima en exceder 1 millón porcientoVenezuela
67%
Político populista izquierdista Andrés Manuel López Obrador es elegido presidenteMéxico
65%
Starbucks abre su primera tienda en este país, donde el espresso fue primero inventadoItalia
57%
Un equipo de fútbol de jóvenes es rescatado de una cueva inundada (no gracias a Elon Musk)Tailandia
55%
Jamal Khashoggi, un periodista disidente de este país, es brutalmente asesinadoArabia Saudita
49%
Los Estados Unidos se sale de un acuerdo nuclear con este paísIrán
47%
Eliud Kipchoge, un corredor de este país, rompe el record mundial de maratones
con un tiempo increible de 2:01:39
Kenia
44%
País donde el asesinato de arriba ocurrióTurquía
38%
Trump anuncia que todas las fuerzas de EE.UU. van a inmediatamente retirarse de este paísSiria
37%
Este país se convierte en el segundo en legalizar la venta de marijuana recreacionalCanadá
36%
Este país gana el mayor número de medallas, añadiendo a su gran total en los JuegosNoruega
30%
Este país es la sede de Juegos Olímpicos de InviernoCorea del Sur
29%
Enfrentando numerosos cargos de corrupción, Jacob Zuma finalmente
renuncia como presidente de este país
Sudáfrica
18%

Distribución de puntuación

Porcentaje por número respondido

Porcentaje de gente con cada puntuación

Historial de tus puntuaciones

No has intentado esta prueba.